How overall destination image and trip experiences affect tourists' behavior intentions : a case of Kuala Lumpur /
Saved in:
| 主要作者: | |
|---|---|
| 格式: | Thesis 圖書 |
| 語言: | English |
| 出版: |
2012.
|
| 主題: | |
| 在線閱讀: | http://studentsrepo.um.edu.my/id/eprint/3436 |
| 標簽: |
添加標簽
沒有標簽, 成為第一個標記此記錄!
|
| LEADER | 01455cam a2200337 a 4500 | ||
|---|---|---|---|
| 001 | u855305 | ||
| 003 | SIRSI | ||
| 005 | 201204201055 | ||
| 008 | 120420s2012 my a t 000 0 eng m | ||
| 040 | |a UMM |d UMK |d AUM |e rda | ||
| 043 | |a a-my-wp | ||
| 090 | |a HF1008 |b UM 2012 Lim | ||
| 098 | |a HF1008 |b UM 2012 Lim | ||
| 100 | 1 | |a Lim, Ai Sal. | |
| 245 | 1 | 0 | |a How overall destination image and trip experiences affect tourists' behavior intentions : |b a case of Kuala Lumpur / |c Lim Ai Sal. |
| 260 | |c 2012. | ||
| 300 | |a ix, 115 leaves : |b ill. ; |c 30 cm. | ||
| 502 | |a Dissertation (M.B.A.) -- Fakulti Perniagaan dan Perakaunan, Universiti Malaya, 2012. | ||
| 504 | |a Bibliography: leaves 97-104. | ||
| 530 | |a Also issued in CD. | ||
| 596 | |a 1 19 25 | ||
| 650 | 0 | |a Tourism |z Kuala Lumpur (W.P.). | |
| 650 | 0 | |a Tourism |x Management. | |
| 650 | 0 | |a Tourism |x Psychological aspects. | |
| 651 | 0 | |a Malaysia |x Description and travel. | |
| 710 | 2 | |a Universiti Malaya. |b Fakulti Perniagaan dan Perakaunan. | |
| 856 | 4 | 1 | |u http://studentsrepo.um.edu.my/id/eprint/3436 |
| 900 | |a NHS | ||
| 999 | |a HF1008 UM 2012 LIM |w LC |c 1 |i A515039298 |d 7/12/2015 |e 7/12/2015 |f 20/11/2012 |g 1 |l STACKS |m P01UTAMA |n 3 |r Y |s Y |t TESIS |u 20/11/2012 | ||
| 999 | |a HF1008 UM 2012 LIM |w LC |c 1 |i A515039576 |d 28/11/2012 |f 28/11/2012 |g 1 |l STACKS |m P19KOTA |r Y |s Y |t TESIS |u 28/11/2012 | ||
| 999 | |a HF1008 UM 2012 LIM |w LC |c 1 |i A515039205 |f 15/2/2023 |g 1 |l STACKS |m P25UMARCHI |r N |s Y |t CD |u 17/6/2015 |1 AHSS |o .STAFF. MST-CD1743 | ||
